MARC

LEADER 00000nam0a2200000 4500
001 36556
005 20231101210359.0
035 |a (RuTPU)RU\TPU\book\37030 
035 |a BOOK00003682 
090 |a 36556 
100 |a 20011210d1980 k y0rusy50 ca 
101 0 |a rus 
102 |a BY 
105 |a y z 001zy 
200 1 |a Научные основы охраны окружающей среды  |f В. К. Лукашев, К. И. Лукашев 
210 |a Минск  |c Высшая школа  |d 1980 
215 |a 255 с. 
320 |a Библиогр.: с. 248-253. 
610 1 |a окружающая среда 
610 1 |a охрана 
610 1 |a теория 
610 1 |a научные основы 
675 |a 502.36  |v 3 
700 1 |a Лукашев  |b В. К.  |g Валентин Константинович 
701 1 |a Лукашёв (Лукашев)  |b К. И.  |c белорусский геолог, геохимик, географ, общественный деятель  |c доктор геолого-минералогических наук, профессор, академик АН БССР  |f 1907-1987  |g Константин Игнатьевич  |2 stltpush  |3 (RuTPU)RU\TPU\pers\44699  |9 21832 
801 0 |a BY  |b 63413507  |c 20011210  |g PSBO 
801 2 |a RU  |b 63413507  |c 20191216  |g PSBO 
900 |a Экология 
942 |c BK